Présidents Français - Nom, Prénom et Profession - Statistiques

Statistiques générales
  • Ce quiz a été pris 329 fois
  • Le résultat moyen est 47 sur 72
Statistiques - réponses
Année Champion % Correct
2012- Hollande
95%
1995-2007 Chirac
94%
1981-1995 François
94%
2012- François
94%
1959-1969 de Gaulle
91%
1995-2007 Jacques
91%
2007-2012 Nicolas
91%
2007-2012 Sarkozy
91%
1959-1969 Charles
89%
1974-1981 Giscard d'Estaing
89%
1969-1974 Pompidou
86%
1974-1981 Valéry
86%
1871-1873 Avocat-Journaliste
85%
1913-1920 Avocat-Journaliste
85%
1920-1924 Avocat-Journaliste
85%
1879-1887 Avocat
84%
1899-1906 Avocat
84%
1906-1913 Avocat
84%
1924-1931 Avocat
84%
1947-1954 Avocat
84%
1954-1959 Avocat
84%
1981-1995 Avocat
84%
2007-2012 Avocat
84%
1969-1974 Georges
82%
1981-1995 Mitterrand
81%
1954-1959 Coty
78%
1954-1959 René
76%
1931-1932 Journaliste-Professeur
73%
1848-1852 Bonaparte
70%
1873-1879 Militaire
70%
1959-1969 Militaire
70%
1848-1852 Parlementaire (prétendant bonapartiste)
70%
1871-1873 Thiers
67%
1873-1879 de Mac-Mahon
66%
1931-1932 Doumer
66%
1848-1852 Louis-Napoléon
65%
1920 Paul
65%
1931-1932 Paul
65%
1947-1954 Auriol
63%
1913-1920 Poincaré
63%
1871-1873 Adolphe
62%
1924-1931 Doumergue
62%
1969-1974 Professeur
60%
1947-1954 Vincent
60%
1887-1894 Carnot
59%
1920 Deschanel
59%
1913-1920 Raymond
59%
1895-1899 Faure
58%
1920 Journaliste-Sous-préfet
58%
1920-1924 Millerand
57%
1887-1894 Sadi
57%
1932-1940 Lebrun
56%
1895-1899 Félix
55%
1879-1887 Grévy
54%
1879-1887 Jules
53%
1932-1940 Albert
48%
1894-1895 Jean
48%
1894-1895 Casimir-Perier
46%
1906-1913 Fallières
45%
1924-1931 Gaston
45%
1873-1879 Patrice
45%
1899-1906 Loubet
44%
1920-1924 Alexandre
43%
1899-1906 Emile
42%
1906-1913 Armand
37%
1974-1981 Haut fonctionnaire-Polytechnicien
32%
1995-2007 Haut fonctionnaire
30%
2012- Haut fonctionnaire
30%
1894-1895 Industriel
20%
1895-1899 Industriel
20%
1887-1894 Polytechnicien
14%
1932-1940 Polytechnicien
14%
Aucun quiz correspondant
Distribution des résultats
% des personnes avec chaque résultat
Percentile par nombre de réponses
Votre historique - résultats
Vous n’avez pas pris ce quiz